MARC

LEADER 00000nam0a2200000 4500
001 252172
005 20231101232726.0
010 |a 5268000314 
020 |a RU  |b 89-27416 
035 |a (RuTPU)RU\TPU\book\274502 
090 |a 252172 
100 |a 20140227d1989 m y0rusy5003 ca 
101 0 |a rus 
102 |a RU 
105 |a y z 000zy 
200 1 |a О суевериях - всерьез  |f В. А. Мезенцев 
210 |a Москва  |c Советская Россия  |d 1989 
215 |a 238,[2] с. 
606 1 |a Суеверия и предрассудки  |2 stltpush  |3 (RuTPU)RU\TPU\subj\58250  |9 76057 
610 1 |a наука 
610 1 |a предсказания 
610 1 |a религия 
610 1 |a приметы 
610 1 |a амулеты 
610 1 |a научное знание 
610 1 |a научное предвидение 
686 |a Э210.23  |2 rubbk 
700 1 |a Мезенцев  |b В. А.  |g Владимир Андреевич 
801 0 |a RU  |b RuMRKP  |c 19950417  |g psbo 
801 1 |a RU  |b 63413507  |c 20140227 
801 2 |a RU  |b 63413507  |c 20140327  |g RCR 
942 |c BK